Basic Twilight Quiz - Statistics

General Stats
  • This quiz has been taken 6,193 times
  • The average score is 13 of 15
Answer Stats
Hint Answer % Correct
Who does the main character fall in love with? Edward Cullen
98%
How many books are in the series? Four
97%
What game do the Cullens play during thunderstorms? Baseball
95%
What supernatural beings are the Cullen family? Vampires
94%
What job does Carlisle Cullen have? Doctor
93%
Who is the main character (full name)? Bella Swan
92%
What job does Charlie Swan have? Police officer
92%
Which member of the Cullen family can see the future? Alice
90%
What town is the series set in? Forks
89%
Name the third book in the series. Eclipse
86%
What supernatural being is Jacob Black? Shapeshifter
86%
What vehicle does the main character drive? Pick up truck
83%
What is the name of the evil vampire with red hair? Victoria
83%
Who wrote the "Twilight" series? Stephanie Meyer
77%
Where does the main characters mother live? (City) Phoenix
59%
No matching quizzes found
Score Distribution
Percent of People with Each Score
Percentile by Number Answered
Your Score History
You have not taken this quiz